[Event "Scarborough CC-ch Reserves"]
[Site "Toronto"]
[Date "2011.04.14"]
[Round "8"]
[White "Al Ganabi, Haqi"]
[Black "Song, Lin"]
[Result "1/2-1/2"]
[WhiteElo "1985"]
[BlackElo "1796"]
[PlyCount "82"]
[EventDate "2011.02.24"]
[EventType "swiss"]
[EventRounds "9"]
[EventCountry "CAN"]
[SourceTitle "EXT 2022"]
[Source "ChessBase"]
[SourceDate "2021.10.06"]
[SourceVersion "1"]
[SourceVersionDate "2021.10.06"]
[SourceQuality "1"]

1. c4 c5 2. Nf3 Nc6 3. e4 Nf6 4. Nc3 d6 5. d4 Bg4 6. dxc5 dxc5 7. Qxd8+ Rxd8 8. Be2 Bxf3 9. Bxf3 Nd4 10. Bd1 e5 11. 0-0 Be7 12. Ba4+ Nd7 13. f4 Bd6 14. Nd5 exf4 15. e5 Bxe5 16. Re1 f6 17. Nxf4 0-0 18. Nd5 Nb6 19. Nxb6 axb6 20. Bd1 b5 21. cxb5 Nxb5 22. a4 Nc7 23. Bf3 b6 24. Rb1 Rfe8 25. Be3 Nd5 26. Bf2 Nb4 27. Be2 Rd2 28. Bc4+ Kf8 29. a5 Nc2 30. Rxe5 fxe5 31. axb6 Nd4 32. Be3 Re2 33. Bxe2 Nxe2+ 34. Kf2 Nd4 35. b4 cxb4 36. Bxd4 exd4 37. Rxb4 d3 38. Rf4+ Kg8 39. Rd4 Rb8 40. Rxd3 Kf7 41. Ke3 Ke7 1/2-1/2

[Event "Scarborough CC-ch Reserves"]
[Site "Toronto"]
[Date "2011.03.17"]
[Round "4"]
[White "Sharpe, Michael D"]
[Black "Al Ganabi, Haqi"]
[Result "0-1"]
[WhiteElo "1670"]
[BlackElo "1985"]
[PlyCount "80"]
[EventDate "2011.02.24"]
[EventType "swiss"]
[EventRounds "9"]
[EventCountry "CAN"]
[SourceTitle "EXT 2022"]
[Source "ChessBase"]
[SourceDate "2021.10.06"]
[SourceVersion "1"]
[SourceVersionDate "2021.10.06"]
[SourceQuality "1"]

1. e4 e6 2. d4 d5 3. e5 c5 4. c3 Nc6 5. Nf3 f5 6. a3 a6 7. b4 c4 8. Be2 Be7 9. a4 Bd7 10. Be3 Rc8 11. Bd2 h5 12. h4 g6 13. Qc1 b5 14. a5 Kf7 15. Na3 Kg7 16. Nc2 Nh6 17. Kf1 Ng4 18. Nce1 Qf8 19. Rb1 Qf7 20. Ng5 Qg8 21. Nef3 Rf8 22. Bf4 Nd8 23. g3 Nf7 24. Nxf7 Qxf7 25. Ng5 Qe8 26. Bxg4 fxg4 27. Kg2 Rf5 28. Rf1 Rg8 29. Rb2 Kh8 30. Qd1 Rgf8 31. Kg1 Rxf4 32. gxf4 Rxf4 33. Qd2 Qf8 34. Qe2 Qh6 35. Qe3 Bxg5 36. hxg5 Qxg5 37. Re1 h4 38. Kf1 g3 39. Ke2 Re4 40. Qxe4 dxe4 0-1

[Event "Scarborough CC LH Summer op"]
[Site "Toronto"]
[Date "2010.05.13"]
[Round "2"]
[White "Al Ganabi, Haqi"]
[Black "Radpey, Abdolreza"]
[Result "1-0"]
[WhiteElo "1965"]
[BlackElo "1587"]
[PlyCount "77"]
[EventDate "2010.04.29"]
[EventType "swiss"]
[EventRounds "8"]
[EventCountry "CAN"]
[SourceTitle "EXT 2022"]
[Source "ChessBase"]
[SourceDate "2021.10.06"]
[SourceVersion "1"]
[SourceVersionDate "2021.10.06"]
[SourceQuality "1"]

1. e4 c5 2. Nf3 Nc6 3. d4 cxd4 4. Nxd4 Nf6 5. Nc3 e6 6. a3 Bc5 7. Nb3 Be7 8. Be2 0-0 9. 0-0 d5 10. exd5 Nxd5 11. Nxd5 exd5 12. Bf3 Be6 13. Re1 Bf6 14. Nc5 Nd4 15. Nxe6 fxe6 16. Bg4 Qb6 17. c3 Nf5 18. Bxf5 exf5 19. Qxd5+ Kh8 20. Qd1 Rad8 21. Qc2 Rd5 22. Be3 Qd6 23. Rad1 Rd8 24. Rxd5 Qxd5 25. Bxa7 h6 26. g3 Qf3 27. Qe2 Qd3 28. Qxd3 Rxd3 29. Be3 g5 30. Kf1 b5 31. Ke2 Rd5 32. Rd1 Re5 33. f4 Re4 34. Rd5 gxf4 35. gxf4 Kg7 36. Rxf5 Kg6 37. Rxb5 h5 38. Kf3 Re6 39. f5+ 1-0

[Event "Toronto Scarborough CC Falling Leaves"]
[Site "Toronto"]
[Date "2009.12.10"]
[Round "6"]
[White "Al Ganabi, Haqi"]
[Black "Casareno, Erwin"]
[Result "0-1"]
[WhiteElo "1915"]
[BlackElo "2203"]
[PlyCount "119"]
[EventDate "2009.11.05"]
[EventType "swiss"]
[EventRounds "7"]
[EventCountry "CAN"]
[SourceTitle "EXT 2011"]
[Source "ChessBase"]
[SourceDate "2010.11.26"]
[SourceVersion "1"]
[SourceVersionDate "2010.11.26"]
[SourceQuality "1"]

1. e4 c5 2. Nf3 d6 3. d4 cxd4 4. Nxd4 Nf6 5. Nc3 a6 6. Be3 Ng4 7. Bc4 Nxe3 8. fxe3 e6 9. 0-0 Be7 10. Qh5 0-0 11. Rf3 g6 12. Qg4 Nc6 13. Nxc6 bxc6 14. e5 dxe5 15. Qe4 Qc7 16. Raf1 f5 17. Qd3 e4 18. Nxe4 fxe4 19. Qxe4 Qd6 20. Rxf8+ Bxf8 21. Qf3 Bd7 22. Re1 Qe7 23. Qe4 Re8 24. Bxa6 Bg7 25. c3 Rf8 26. Bc4 Qf6 27. Rf1 Qe5 28. Rxf8+ Kxf8 29. Qd3 Ke7 30. a4 Bh6 31. Kf2 Qxh2 32. a5 Qh4+ 33. Ke2 Qg4+ 34. Kf2 c5 35. Bb5 Qf5+ 36. Ke2 Qxd3+ 37. Bxd3 Bc6 38. g3 Bg7 39. Bc4 Be5 40. Kf2 h5 41. Be2 Kd6 42. a6 Kc7 43. b4 Bxc3 44. bxc5 Bb4 45. Bc4 Kd7 46. Bd3 g5 47. e4 Bxc5+ 48. Kf3 Kd6 49. Bc4 Ke5 50. Bd3 Kd4 51. Bb1 Bb5 52. Ba2 Bc4 53. Bb1 Bxa6 54. Bc2 e5 55. Ba4 Bd6 56. Bc6 Bc4 57. Kf2 Kd3 58. Kg2 Bb4 59. Bb7 Ke3 60. Bd5 0-1